000 00470cam a22001814a 4500
005 20250605164115.0
008 250528s ||||||||||||||||||||||||d
035 _a18045
040 _aGR-AtMCL
_bgre
_dGR-AtMCL
_eAACR2
245 1 _aΟΙ ΝΕΥΡΩΣΕΙΣ ΚΑΙ Η ΕΡΜΗΝΕΙΑ ΤΟΥΣ
250 _a1
260 _bΜπουκουμάνης,
_c1974
300 _a192
700 1 _aAdler, Alfred
_94324
942 _cBK
999 _c3437
_d3437